<?xml version="1.0" encoding="UTF-8"?>
<record
    xmlns:xsi="http://www.w3.org/2001/XMLSchema-instance"
    xsi:schemaLocation="http://www.loc.gov/MARC21/slim http://www.loc.gov/standards/marcxml/schema/MARC21slim.xsd"
    xmlns="http://www.loc.gov/MARC21/slim">

  <leader>01454nab a2200181 a 4500</leader>
  <controlfield tag="005">20250115092933.0</controlfield>
  <controlfield tag="007">ta</controlfield>
  <controlfield tag="008">241018e2022    dr |||||r||||||0| |0spa d</controlfield>
  <datafield tag="040" ind1=" " ind2=" ">
    <subfield code="a">DO-SdBNP</subfield>
    <subfield code="c">BNPHU</subfield>
    <subfield code="e">rda</subfield>
  </datafield>
  <datafield tag="041" ind1=" " ind2=" ">
    <subfield code="h">spa</subfield>
  </datafield>
  <datafield tag="100" ind1="1" ind2=" ">
    <subfield code="a">Stanley, Avelino,</subfield>
    <subfield code="d">1959-</subfield>
    <subfield code="9">1536</subfield>
  </datafield>
  <datafield tag="245" ind1=" " ind2=" ">
    <subfield code="a">Nadal Walcot : </subfield>
    <subfield code="b">se desgarr&#xF3; el alma y la plasm&#xF3; en sus lienzos / </subfield>
    <subfield code="c">Avelino Stanley.</subfield>
  </datafield>
  <datafield tag="260" ind1=" " ind2=" ">
    <subfield code="a">Santo Domingo, Rep&#xFA;blica Dominicana :</subfield>
    <subfield code="b">Centro Cultural BanReservas,</subfield>
    <subfield code="c">2022.</subfield>
  </datafield>
  <datafield tag="300" ind1=" " ind2=" ">
    <subfield code="a">p&#xE1;gina 35.</subfield>
  </datafield>
  <datafield tag="520" ind1=" " ind2=" ">
    <subfield code="a">Nada marca al ser humano m&#xE1;s que su cultura. Ese sentimiento es la luz que les permite a las personas mostrar la esencia de su ser. Fue la cultura la que logr&#xF3; sacar de sus adentros el mundo de formas y de colores que Nadal Walcot plasm&#xF3; con sus trazos en cada lienzo.
Nadie como Nadal Walcot ha logrado hacer que corra como agua en cauce de r&#xED;o las vicisitudes de los hombres y mujeres de los ca&#xF1;averales dominicanos. Fue &#xE9;l quien coloc&#xF3; el sufrimiento estibado en infinitos vagones encadenados que luego eran remolcados en unas locomotoras desgaritadas sobre rieles relucientes lanzado un humo tan contaminante hacia las alturas que molestaba la respiraci&#xF3;n hasta del mismo Dios. </subfield>
  </datafield>
  <datafield tag="773" ind1="0" ind2=" ">
    <subfield code="d">Santo Domingo, Rep&#xFA;blica Dominicana : Centro Cultural BanReservas,  2022. </subfield>
    <subfield code="a">Stanley, Avelino</subfield>
    <subfield code="t">Nadal Walcot : se desgarr&#xF3; el alma y la plasm&#xF3; en sus lienzos.</subfield>
  </datafield>
  <datafield tag="942" ind1=" " ind2=" ">
    <subfield code="2">ddc</subfield>
    <subfield code="c">ISSUE</subfield>
    <subfield code="h">Edici&#xF3;n 1. Enero 2022</subfield>
  </datafield>
  <datafield tag="952" ind1=" " ind2=" ">
    <subfield code="0">0</subfield>
    <subfield code="1">0</subfield>
    <subfield code="2">ddc</subfield>
    <subfield code="4">0</subfield>
    <subfield code="7">0</subfield>
    <subfield code="8">SE</subfield>
    <subfield code="a">BNPHU</subfield>
    <subfield code="b">BNPHU</subfield>
    <subfield code="d">2024-10-18</subfield>
    <subfield code="h">Edici&#xF3;n 1. Enero 2022</subfield>
    <subfield code="l">0</subfield>
    <subfield code="r">2024-10-18</subfield>
    <subfield code="w">2024-10-18</subfield>
    <subfield code="y">ISSUE</subfield>
  </datafield>
  <datafield tag="999" ind1=" " ind2=" ">
    <subfield code="c">57911</subfield>
    <subfield code="d">57911</subfield>
  </datafield>
</record>
